| 000 | 00434nam a2200181Ia 4500 | ||
|---|---|---|---|
| 001 | 19067 | ||
| 005 | 20260306171716.0 | ||
| 008 | 260306s9999||||xx |||||||||||||| ||und|| | ||
| 041 | _aESP | ||
| 082 |
_a658.8 _bG74 |
||
| 100 |
_aGorchels, Linda _eAUT |
||
| 245 | 0 |
_aGestión de productos: _bmanual del product manager |
|
| 260 | _c2002 | ||
| 300 |
_apágs. : _ccm. |
||
| 650 | _aGEN | ||
| 654 | _aCAN | ||
| 942 |
_cLIB _dJUS _fJUS _2ddc _n |
||
| 999 |
_c19067 _d19067 |
||